Président et Premier Ministre actuels - Statistiques

Statistiques générales
  • Ce quiz a été pris 249 fois
  • Le résultat moyen est 8 sur 15
Statistiques - réponses
Indice Réponse % Correct
Président de la France Emmanuel Macron
100%
Président des États-Unis Donald Trump
99%
Président de la Russie Vladimir Poutine
97%
Chancelier fédéral d'Allemagne Angela Merkel
94%
Premier ministre du Canada Justin Trudeau
81%
Première ministre du Royaume-Uni Theresa May
76%
Président de Cuba Raúl Castro
69%
Président de la Chine Xi Jinping
67%
Président de la Syrie Bachar el-Assad
64%
Premier ministre d'Israel Benyamin Netanyahou
37%
Président de l'Italie Sergio Mattarella
13%
Président de la République Démocratique du Congo Joseph Kabila
12%
Premier ministre du Portugal António Costa
9%
Premier ministre de l'Australie Malcolm Turnbull
5%
Premier ministre de la Papouasie-Nouvelle-Guinée Peter O'Neill
3%
Aucun quiz correspondant
Distribution des résultats
% des personnes avec chaque résultat
Percentile par nombre de réponses
Votre historique - résultats
Vous n’avez pas pris ce quiz